| 000 | 00741nam a2200193 4500 | ||
|---|---|---|---|
| 999 |
_c3391 _d3391 |
||
| 020 | _a978273779803 | ||
| 020 | _a27377980X | ||
| 050 |
_aT58.6 _b.L3753 |
||
| 100 | _a Laudon, Kenneth C., | ||
| 245 |
_aManagement information systems : _bmanaging the digital firm _cKenneth C. Laudon, Jane P. Laudon. |
||
| 250 | _a12th ed. | ||
| 260 |
_aUpper Saddle River, N. J. : _bPearson,|. _c2012 |
||
| 300 |
_a653 p.: _bcol. ill. _c27 cm. |
||
| 500 | _aIncludes indexes. | ||
| 505 | _aOrganisations, Management,and the networked Enterprise, Information Technology Infrastructure, Key System Application for the digital age,Building and Managing Systems. | ||
| 650 |
_aInformation technology _xManagement. |
||
| 700 | _aLaudon Jane P. | ||
| 942 | _cBK | ||